Movies Quiz

Random Movies or Actress Quiz

Actor Battle of the Ages Quiz Stats

Quiz Updated Jul 7, 2015

Also try: Younger or Older?
Challenge
Share
Tweet
Embed
Score 0/25 Timer 06:00
3 Plays Today
Option (A) Answer % Correct
Tom Hanks in
'Big'
???
83.2%
Tatum O'Neal in
'Paper Moon'
???
81.2%
Anthony Michael Hall in
'The Breakfast Club'
???
80.6%
Leonardo DiCaprio in
'What's Eating Gilbert Grape'
???
77.3%
Tom Cruise in
'Risky Business'
???
77%
Denzel Washington in
'Remember the Titans'
???
76.7%
Kate Winslet in
'Titanic'
???
72.8%
Matthew Modine in
'Full Metal Jacket'
???
69.4%
Haley Joel Osment in
'The Sixth Sense'
???
67.4%
Cameron Diaz in
'There's Something About Mary'
???
66.5%
Daniel Craig in
'Casino Royale'
???
61.5%
Alicia Silverstone in
'Clueless'
???
59.5%
Harrison Ford in
'Raiders of the Lost Ark'
???
58.4%
Option (A) Answer % Correct
Will Smith in
'Ali'
???
57.5%
Jessica Tandy in
'Driving Miss Daisy'
???
56.9%
Morgan Freeman in
'Lean on Me'
???
56.5%
Ellen Page in
'Juno'
???
55.9%
Sean Astin in
'The Goonies'
???
55.8%
Timothy Hutton in
'Ordinary People'
???
55.6%
Bruce Willis in
'Die Hard'
???
55.3%
Winona Ryder in
'Heathers'
???
55%
Al Pacino in
'The Godfather'
???
55%
Jennifer Lawrence in
'The Hunger Games'
???
46.7%
Audrey Hepburn in
'Breakfast at Tiffany's'
???
41.3%
Gene Hackman in
'Crimson Tide'
???
29.7%

You're not logged in!

Compare scores with friends on all Sporcle quizzes.
Sign Up with Email
OR
Log In

You Might Also Like...

Show Comments

Extras

Top Quizzes Today


Score Distribution

Your Account Isn't Verified!

In order to create a playlist on Sporcle, you need to verify the email address you used during registration. Go to your Sporcle Settings to finish the process.